Statistics for Famous Spanish Footballers by Picture

Click here to take the quiz!

General Stats

  • This quiz has been taken 643 times
  • The average score is 20 of 25

Answer Stats

Answer% Correct
Iniesta
97%
Xavi
97%
Sergio Ramos
96%
Carles Puyol
93%
Xabi Alonso
92%
Fernando Torres
91%
Gerard Piqué
91%
Iker Casillas
91%
David de Gea
88%
Sergio Busquets
88%
David Villa
85%
David Silva
81%
Cesc Fàbregas
80%
Pep Guardiola
79%
Diego Costa
77%
Rodri
77%
Jordi Alba
75%
Pedri
74%
Thiago Alcântara
74%
Raúl
71%
Daniel Carvajal
70%
Isco
69%
Fernando Hierro
55%
Alfredo Di Stéfano
53%
Emilio Butragueño
37%

Score Distribution

Percentile by Number Answered

Percent of People with Each Score

Your Score History

You have not taken this quiz